000
00202nam a22000857a 4500
008
160630b xxu||||| |||| 00| 0 eng d
100
_9
1636
_a
Gupta, P
245
_a
Cinderella
260
_a
New delhi
_b
M/S Arya
999
_c
1357
_d
1357